000 nam a22 7a 4500
999 _c8196
_d8196
008 171211b xxu||||| |||| 00| 0 eng d
100 _aShetty.S.
_94628
245 _aTreasures of life
260 _aNew Delhi
_bJeevandeep
_c2008